Least Welcoming Countries - Statistics

General Stats
  • This quiz has been taken 86 times
    43 since last reset
  • The average score is 13 of 21
Answer Stats
# Country % Correct
0 North Korea
100%
0 Afghanistan
88%
45 Iraq
79%
15 Syria
79%
2 Libya
74%
19 Niger
74%
12 Yemen
71%
40 China
68%
0 Turkmenistan
68%
4 Eritrea
62%
15 Republic of the Congo
62%
7 Algeria
59%
16 Chad
59%
25 Mali
59%
7 Sudan
59%
15 Central African Republic
53%
7 Cameroon
44%
11 Myanmar
44%
14 Liberia
41%
3 Bhutan
35%
15 Nauru
12%
No matching quizzes found
Score Distribution
Percent of People with Each Score
Percentile by Number Answered
Your Score History
You have not taken this quiz since the last reset